Business glossary : English-German, German-English
Αποθηκεύτηκε σε:
| Άλλοι συγγραφείς: | , |
|---|---|
| Μορφή: | Βιβλίο |
| Γλώσσα: | English German |
| Δημοσίευση: |
Middlesex :
Peter Collin Publishing,
c1995
|
| Σειρά: | Peter Collin Publishing professional series
|
| Θέματα: | |
| Ετικέτες: |
Προσθήκη ετικέτας
Δεν υπάρχουν, Καταχωρήστε ετικέτα πρώτοι!
|
MARC
| LEADER | 00000cam a2200000 i 4500 | ||
|---|---|---|---|
| 001 | 1/75564 | ||
| 008 | 990324s1995 eng d | ||
| 020 | |a 094854953X | ||
| 035 | |l 10049372 | ||
| 040 | |a GR-MY-UA |b gre |e aacr | ||
| 041 | 0 | |a eng |a ger | |
| 082 | 0 | |a 650.03 | |
| 245 | 1 | 0 | |a Business glossary : |b English-German, German-English / |c general editor P. H. Collin; german editor Rupert Livesey |
| 260 | |a Middlesex : |b Peter Collin Publishing, |c c1995 | ||
| 300 | |a 184 p. | ||
| 490 | 1 | |a Bilingual business dictionaries | |
| 650 | 0 | 0 | |a Business |x Dictionaries. |
| 650 | 0 | 0 | |a Business |x Dictionaries |x German. |
| 650 | 0 | 0 | |a Commerce |x Dictionaries. |
| 650 | 0 | 0 | |a Commerce |x Dictionaries |x German. |
| 650 | 0 | 0 | |a English language |x Dictionaries |x German. |
| 650 | 0 | 0 | |a German language |x Dictionaries |x English. |
| 700 | 1 | |a Collin, P. H. |q (Peter Hodgson) |4 edt | |
| 700 | 1 | |a Livesey, Rupert. |4 edt | |
| 830 | 0 | |a Peter Collin Publishing professional series | |
| 852 | |a INST |b LESVOS |e 19990324 |h 650.03 BUS |p 005100019534 |q 005100019534 |t REF |y 23 | ||
| 901 | |a BIBL1-1999-3 | ||
| 909 | |a Λ |b 062664 | ||
| 922 | |a 1ΕΛΗ |b 199812 |c ΚΠΣ/ΚΥΒ |d LEADER | ||
| 950 | |a 023-1998-09-14 | ||
| 970 | |z 1999/09/14 |a ΤΖΑΦΕΡΗ |b ΕΥΑΓΓΕΛΙΑ | ||